Catálogo

Gestión del talento humano / (Registro nro. 54234)

Detalles MARC
000 -LEADER
fixed length control field 01218cam a2200313 n 4500
001 - CONTROL NUMBER
control field 54234
003 - CONTROL NUMBER IDENTIFIER
control field Mx-PuUPA
005 - DATE AND TIME OF LATEST TRANSACTION
control field 20240410104044.0
008 - FIXED-LENGTH DATA ELEMENTS--GENERAL INFORMATION
fixed length control field 140415s2009 mx a r 000 0 spa d
020 ## - INTERNATIONAL STANDARD BOOK NUMBER
International Standard Book Number 9789701073407
040 ## - CATALOGING SOURCE
Original cataloging agency Mx-PuUPA
Language of cataloging spa
Transcribing agency Mx-PuUPA
Modifying agency Mx-PuUPA
Description conventions rda
041 1# - LANGUAGE CODE
Language code of text/sound track or separate title spa
Language code of original por
100 1# - MAIN ENTRY--PERSONAL NAME
Personal name Chiavenato, Idalberto,
Dates associated with a name 1936-
Relator term autor
9 (RLIN) 2235
240 10 - UNIFORM TITLE
Uniform title Gestão de pessoas.
Language of a work Español
245 10 - TITLE STATEMENT
Title Gestión del talento humano /
Statement of responsibility, etc. Idalberto Chiavenato ; traducción, Pilar Mascaró Sacristán
250 ## - EDITION STATEMENT
Edition statement Segunda edición
264 #4 - PRODUCTION, PUBLICATION, DISTRIBUTION, MANUFACTURE, AND COPYRIGHT NOTICE
Place of production, publication, distribution, manufacture México, D.F. :
Name of producer, publisher, distributor, manufacturer McGraw-Hill / Interamericana Editores,
Date of production, publication, distribution, manufacture, or copyright notice ©2009
300 ## - PHYSICAL DESCRIPTION
Extent xxxvi, 586 páginas :
Other physical details ilustraciones ;
Dimensions 27 cm.
336 ## - CONTENT TYPE
Fuente rdacontent
Content type term texto
Content type code txt
337 ## - MEDIA TYPE
Source rdamedia
Media type term sin medio
Media type code n
338 ## - CARRIER TYPE
Source rdacarrier
Carrier type term volumen
Carrier type code nc
650 #4 - SUBJECT ADDED ENTRY--TOPICAL TERM
Topical term or geographic name entry element Administración de personal
650 #4 - SUBJECT ADDED ENTRY--TOPICAL TERM
Topical term or geographic name entry element Planificación de recursos humanos
700 1# - ADDED ENTRY--PERSONAL NAME
Personal name Mascaró Sacristán, Pilar,
Relator term traductor
765 18 - ORIGINAL LANGUAGE ENTRY
Main entry heading Chiavenato, Idalberto, 1929-
Title Gestão de pessoas.
Edition Tercera edición
Place, publisher, and date of publication [Rio de Janeiro] : Elsevier Editora, ©2008
Record control number (OCLC) 319223894
International Standard Book Number 9788535225129
942 ## - ADDED ENTRY ELEMENTS (KOHA)
Source of classification or shelving scheme Dewey Decimal Classification
Koha item type Libro
Classification part 658.3
Item part C532
Existencias
Withdrawn status Lost status Source of classification or shelving scheme Damaged status Not for loan Collection code Home library Current library Shelving location Date acquired Source of acquisition Total Checkouts Total Renewals Full call number Barcode Date last seen Date last checked out Price effective from Koha item type
    Dewey Decimal Classification     General Biblioteca Karol Wojtyla Biblioteca Karol Wojtyla Sala general 03/12/2013 Compra 12 6 658.3 CHI 2009 80870 05/01/2026 18/01/2024 13/01/2015 Libro
  Extraviado Dewey Decimal Classification       Biblioteca Karol Wojtyla Biblioteca Karol Wojtyla   03/12/2013 Compra     658.3 CHI 2009 80871     13/01/2015 Libro
    Dewey Decimal Classification     General Biblioteca Karol Wojtyla Biblioteca Karol Wojtyla Sala general 03/12/2013 Compra     658.3 CHI 2009 80869 05/01/2026   13/01/2015 Reserva permanente
    Dewey Decimal Classification     General Tehuacán Tehuacán Sala general 05/08/2019   1   658.3 C532 2009 968000000260 08/01/2025 10/09/2019 05/08/2019 Libro